[Event "2018 Spring Chess Classic A"]
[Site "Saint Louis"]
[Date "2018.03.13"]
[Round "8"]
[White "Edouard, Romain"]
[Black "Xiong, Jeffery"]
[Result "1/2-1/2"]
[WhiteElo "2612"]
[BlackElo "2640"]
[Annotator "TA"]
[PlyCount "60"]
[EventDate "2018.??.??"]
[EventType "tourn"]
[EventCountry "USA"]
[SourceTitle "playchess.com"]
[Source "ChessBase"]
[SourceQuality "1"]

{[%evp 24,60,11,0,23,0,21,8,34,32,38,27,39,16,31,20,35,21,38,31,27,21,18,20,10,10,18,11,18,9,9,9,9,9,9,9,10,12,27]} 1. c4 e5 2. g3 Nf6 3. Bg2 d5 4. cxd5 Nxd5 5. Nc3 Nb6 6. Nf3 Nc6 7. O-O Be7 8. a3 O-O 9. b4 {[%cal Bb2b4,Bb4b5][%mdl 32]} Be6 10. Rb1 f6 11. b5 {A29: English Opening: Four Knights Variation with 4 g3} (11. d3 Nd4 12. Bb2 Nxf3+ 13. Bxf3 c6 14. Ne4 Bd5 15. Bc3 Rf7 16. Bh5 Rf8 17. Bf3 Rf7 18. Bh5 Rf8 19. Bf3 {½-½ (19) Svidler,P (2765)-Matlakov,M (2735) St Petersburg 2017}) 11... Nd4 12. e3 Nxf3+ 13. Bxf3 {LiveBook: 5 Games} Nd5 {[#]} 14. Ne2 $146 ({Predecessor:} 14. Bb2 a6 15. a4 axb5 16. axb5 Nxc3 17. Bxc3 Bd5 18. Bxd5+ Qxd5 {1-0 (64) Gordon,S (2528)-Alsina Leal,D (2507) England 2017}) 14... Qd7 15. d4 Rad8 16. Qc2 Kh8 17. Bg2 Bh3 18. Bxh3 Qxh3 19. e4 Nb6 20. Be3 Qe6 21. d5 Qd7 22. a4 f5 {The position is equal.} 23. f3 fxe4 24. fxe4 Qg4 25. Kg2 Qg6 {Strongly threatening ...Nxd5!} 26. Bxb6 axb6 27. Rxf8+ Rxf8 28. Rf1 Rxf1 29. Kxf1 Bc5 {And now ...Qf6+ would win.} 30. Kg2 Qg5 {Precision: White = 67%, Black = 51%.} 1/2-1/2

[Event "2018 Spring Chess Classic A"]
[Site "Saint Louis"]
[Date "2018.03.14"]
[Round "9"]
[White "Bruzon Batista, Lazaro"]
[Black "Akobian, Varuzhan"]
[Result "1/2-1/2"]
[WhiteElo "2673"]
[BlackElo "2640"]
[Annotator "TA"]
[PlyCount "60"]
[EventDate "2018.??.??"]
[EventType "tourn"]
[EventCountry "USA"]
[SourceTitle "playchess.com"]
[Source "ChessBase"]
[SourceQuality "1"]

{[%evp 27,60,0,13,0,0,0,0,0,0,0,0,0,28,34,26,29,49,49,42,45,58,24,23,-7,0,-25,-22,-22,-22,-17,-24,-31,-12,-31,0]} 1. e4 e6 2. d4 d5 3. e5 c5 4. c3 Nc6 {[%cal Bb8c6,Bc6a5,Ba5b3][%mdl 32]} 5. Nf3 Qb6 6. a3 c4 7. Nbd2 Na5 8. Be2 Bd7 9. Rb1 Ne7 10. O-O Qc7 11. Re1 {C02: French: Advance Variation} (11. Qe1 Nc8 12. Bd1 Nb6 13. h4 Be7 14. h5 h6 15. g3 Ba4 16. Bxa4+ Nxa4 17. Qd1 Qc6 18. Nh2 O-O-O {0-1 (46) Zhigalko,S (2641)-Akobian,V (2647) Riadh 2017}) 11... Nc8 12. Nf1 Nb3 13. Bf4 Nb6 14. N3d2 Na5 {LiveBook: 7 Games} 15. h4 $146 ({Predecessor:} 15. Ng3 Ba4 16. Qc1 O-O-O 17. Nh5 Kb8 18. Nf3 Bb3 19. Nd2 Ba4 20. Nf3 Bb3 21. Nd2 Ba4 22. Nf3 Bb3 23. Nd2 Ba4 {½-½ (23) Domogaev,S (2435)-Gavritenkov,S (2429) Rilsk 2017}) 15... Be7 16. h5 h6 (16... Ba4 $5 17. Qc1 $8 h6 $11) 17. Bh2 Ba4 18. Qc1 O-O-O 19. Bg4 Bg5 {[#] Hoping for ...Nb3.} 20. f4 Bh4 21. Re2 Nb3 22. Nxb3 cxb3 23. Nd2 Qd7 24. Nf3 Be7 25. Bh3 Bb5 26. Re3 Nc4 27. Re1 g6 28. Qd1 Ba4 29. Kh1 Rdg8 30. Qe2 Bb5 {Precision: White = 51%, Black = 56%.} 1/2-1/2

[Event "2018 Spring Chess Classic A"]
[Site "Saint Louis"]
[Date "2018.03.14"]
[Round "9"]
[White "Ipatov, Alexander"]
[Black "Edouard, Romain"]
[Result "1/2-1/2"]
[WhiteElo "2665"]
[BlackElo "2612"]
[Annotator "TA"]
[PlyCount "103"]
[EventDate "2018.??.??"]
[EventType "tourn"]
[EventCountry "USA"]
[SourceTitle "playchess.com"]
[Source "ChessBase"]
[SourceQuality "1"]

{[%evp 11,103,0,9,8,8,12,30,30,41,36,47,36,70,64,77,75,82,75,78,79,97,87,68,70,73,70,79,73,80,58,84,78,84,83,81,53,47,46,50,31,74,75,73,72,77,80,76,51,53,44,46,43,52,45,49,0,0,0,0,0,0,0,0,0,0,0,0,0,0,0,0,0,0,0,0,0,0,0,0,0,0,0,0,0,0,0,0,0,0,0,0,0,0,0]} 1. Nf3 d5 2. g3 g6 3. Bg2 Bg7 4. d4 Nf6 5. O-O O-O 6. c3 c6 {LiveBook: 165 Games} 7. a4 {D02: 1 d4 d5 2 Nf3 sidelines, including 2...Nf6 3 g3 and 2...Nf6 3 Bf4} (7. Nbd2 Nbd7 8. Re1 c5 9. a4 cxd4 10. cxd4 a5 11. Nb1 Nb8 12. Nc3 Nc6 13. Ne5 Bf5 14. Bg5 Nb4 15. Rc1 Ne4 16. Be3 Nxc3 17. bxc3 {1-0 (28) Kramnik,V (2800)-Dubov,D (2701) Moscow 2018}) 7... Ne4 8. Nbd2 Nxd2 (8... c5 {is more complex.} 9. Nxe4 dxe4 10. Ng5 cxd4 11. cxd4 Qxd4 12. Qxd4 Bxd4 13. Rd1 Nc6) 9. Nxd2 {White has an edge.} e5 $146 ({Predecessor:} 9... Nd7 10. e4 e5 11. exd5 cxd5 12. a5 exd4 13. cxd4 Nb8 14. Nb3 Nc6 {½-½ (61) Moussard,J (2576)-Sundararajan,K (2419) London 2017}) 10. dxe5 Bxe5 11. e4 dxe4 12. Nxe4 Qxd1 13. Rxd1 Bg4 14. f3 Bf5 15. Bh6 Bg7 16. Bxg7 Kxg7 17. Nd6 Na6 18. Bf1 (18. b4 {keeps more tension.} Bc8 19. f4 Rd8 20. Rd4 Rb8 21. Rad1) 18... Rab8 19. Nxf5+ gxf5 20. Rd4 Rfe8 21. Rad1 Nc5 {[#]} 22. a5 $1 b6 23. Rd6 bxa5 24. Rxc6 Ne6 25. Rd2 Re7 26. Bc4 a4 27. Ra6 Ng5 28. Kf2 Reb7 29. h4 Rxb2 30. Rxb2 Rxb2+ $14 {[%mdl 4096] Endgame KRB-KRN} 31. Ke3 Ne6 $1 32. Bxe6 fxe6 33. Rxe6 {KR-KR} Rc2 $1 {The position is equal.} 34. Kd3 Rf2 35. Ke3 Rc2 36. Ra6 Rxc3+ 37. Kf4 a3 38. h5 h6 39. Rxa7+ Kf6 40. Ra6+ Kg7 41. Ra5 Rb3 42. g4 fxg4 43. Kxg4 Rb2 44. Rxa3 Rg2+ $1 45. Kh4 Rh2+ $1 46. Kg4 {aiming for Ra7+.} Rg2+ 47. Kh3 Rg5 48. Kh4 $1 {Threatens to win with f4.} Rf5 49. Ra7+ Kg8 50. Ra3 Kg7 51. Rb3 Kg8 52. Ra3 {Precision: White = 71%, Black = 78%.} 1/2-1/2

[Event "2018 Spring Chess Classic A"]
[Site "Saint Louis"]
[Date "2018.03.14"]
[Round "9"]
[White "Ganguly, Surya Shekhar"]
[Black "Shankland, Samuel"]
[Result "0-1"]
[WhiteElo "2657"]
[BlackElo "2668"]
[Annotator "TA"]
[PlyCount "124"]
[EventDate "2018.??.??"]
[EventType "tourn"]
[EventCountry "USA"]
[SourceTitle "playchess.com"]
[Source "ChessBase"]
[SourceQuality "1"]

{[%evp 23,124,0,18,-8,23,24,20,17,32,0,0,0,0,0,0,0,0,10,29,60,53,50,68,50,44,15,18,25,32,0,0,0,0,0,0,0,0,0,0,0,0,0,18,0,0,0,0,0,0,0,13,7,17,19,14,14,16,0,0,0,0,0,0,0,0,0,8,2,10,26,11,0,0,0,0,0,0,0,0,0,0,-106,-104,-99,-104,-108,-117,-122,-117,-122,-122,-108,-108,-117,-113,-444,-417,-867,-809,-29983,-29984,-29984,-29984]} 1. e4 c5 2. Nc3 Nc6 3. Nf3 g6 4. d4 cxd4 5. Nxd4 Bg7 6. Nb3 Nf6 7. Be2 O-O 8. O-O d6 9. Re1 b6 10. Bf1 Bb7 11. Bg5 Rc8 12. Nd5 e6 {LiveBook: 5 Games. B70: Sicilian Dragon: 6 g3 and 6 Be2 (without a later Be3)} 13. Nc3 (13. Nxf6+ Bxf6 14. Bxf6 Qxf6 15. c3 Rfd8 16. Qe2 Ne5 17. Rad1 Rc7 18. Nd4 Rcd7 19. Qd2 g5 20. Bb5 {1-0 (64) Fluvia Poyatos,J (2479)-Alsina Leal,D (2547) Sabadell 2010}) 13... a6 14. Qd2 b5 $146 {White has an edge.} ({Predecessor:} 14... Qc7 15. Rad1 Rfd8 16. Qf4 Nh5 17. Qh4 f6 {1-0 (32) Nunes,L (1800)-De Queiroz,G (1912) Brasilia 2012}) 15. Rad1 Ne5 16. f3 Nc4 17. Bxc4 $1 bxc4 18. Nc1 Qb6+ 19. Be3 Qxb2 20. N1e2 {Rb1 is the strong threat.} Qa3 21. Qxd6 Qxd6 22. Rxd6 Rc6 23. Rxc6 Bxc6 24. Rb1 Nd7 25. Rb4 Rc8 26. Rxc4 Ne5 $1 {[%cal Re5c4]} 27. Rc5 Nd7 28. Ra5 Bb7 29. Ra3 $1 Rc4 30. Kf2 f5 31. exf5 gxf5 32. Ke1 Kf7 33. Kd2 Ne5 {And now ...Rc7 would win.} 34. Rb3 Rc7 {Strongly threatening ...Nc4+.} 35. Ke1 Nc4 36. Bf2 e5 37. Na4 Bf8 38. Nc5 Bc8 39. Nd3 Bd6 40. Bg3 Be6 41. f4 {[%cal Rf4e5]} e4 42. Ne5+ Nxe5 43. fxe5 Be7 44. Rb2 Ba3 45. Rb6 {next Nd4 is good for White.} Bc5 46. Rxa6 Bb4+ 47. c3 Bxc3+ 48. Nxc3 Rxc3 $11 {[%mdl 4096] Endgame KRB-KRB} 49. Ra7+ Kg6 50. Ra6 Kf7 51. a4 e3 {Hoping for ...Rc1+.} 52. Rd6 (52. Ra7+ $11 {remains equal.} Kg6 53. Bf4) 52... Rc4 $17 {White must now prevent ...f4.} 53. Ke2 f4 54. Be1 Rxa4 55. Rb6 Ra2+ $1 56. Kf3 {[#]} Ra1 $1 {[%cal Ra1e1]} 57. Bh4 Rf1+ 58. Ke4 e2 59. Rb7+ $2 {[%mdl 8192] [#]} (59. Rb2 $17 e1=Q+ 60. Bxe1 Rxe1+ 61. Kxf4) 59... Kg6 $1 $19 60. Rb6 (60. Kd4 $142) 60... Kh5 61. Rxe6 Kxh4 62. Kf5 h5 {Precision: White = 58%, Black = 80%.} 0-1

[Event "2018 Spring Chess Classic A"]
[Site "Saint Louis"]
[Date "2018.03.14"]
[Round "9"]
[White "Xiong, Jeffery"]
[Black "Onischuk, Alexander"]
[Result "1-0"]
[WhiteElo "2640"]
[BlackElo "2681"]
[Annotator "TA"]
[PlyCount "75"]
[EventDate "2018.??.??"]
[EventType "tourn"]
[EventCountry "USA"]
[SourceTitle "playchess.com"]
[Source "ChessBase"]
[SourceQuality "1"]

{[%evp 23,75,7,20,-34,10,-22,43,36,41,50,51,64,68,59,120,124,123,129,117,125,127,83,102,105,136,136,130,145,138,138,144,137,282,250,483,467,477,480,486,530,494,481,670,594,584,556,759,754,870,756,824,876,6403,1748]} 1. d4 Nf6 2. c4 e6 3. g3 c5 4. d5 exd5 5. cxd5 g6 6. Nc3 d6 7. Bg2 Bg7 8. Nf3 O-O 9. O-O a6 10. a4 Re8 11. Bf4 Qc7 12. h3 Nbd7 {LiveBook: 39 Games} 13. Qd2 {A63: Modern Benoni: Fianchetto Variation: 9...Nbd7} ({White should play} 13. Re1 $11) (13. Re1 Nh5 14. Bd2 f5 15. Rc1 Qb6 16. Qc2 Ne5 17. Nxe5 Bxe5 18. e3 Bd7 19. b3 Rac8 20. Ne2 Qd8 {1-0 (80) Goryachkina,A (2486)-Kosteniuk,A (2557) Riadh 2017}) 13... Rb8 14. Rab1 $146 ({Predecessor:} 14. Bh6 Bh8 15. Ra2 b6 16. Ng5 Bb7 17. Nce4 Nxe4 18. Nxe4 Ne5 19. Bg5 f6 20. Nxf6+ Bxf6 21. Bxf6 {1-0 (36) Yanjinlkham,B (2006)-Urjindorj,L Ulaanbaatar 2016}) 14... b5 (14... Nb6 $11) 15. axb5 $14 {White is slightly better.} axb5 16. b4 $1 Ne4 17. Nxe4 Rxe4 18. Ng5 $36 {[%mdl 2048] White has some pressure.} Re8 (18... Rc4 $14) 19. Ne4 $16 Rxe4 20. Bxe4 c4 21. Bh6 Bh8 22. Be3 Nb6 23. Bd4 Bxd4 24. Qxd4 Bxh3 25. Rfe1 Qe7 26. Ra1 {[%cal Bb1a1,Ba1a6,Ba6d6,Bd6c6,Bc6c7,Bc7a7][%mdl 32]} h5 27. Ra6 h4 {[#]} (27... Qe5 $16 28. Qxe5 dxe5) 28. Bf3 $1 $18 Qb7 $2 (28... hxg3 29. Rxb6 gxf2+ 30. Kxf2 (30. Qxf2 Qg5+ 31. Kh2 Rxb6 $18) 30... Rxb6) 29. Rea1 {White is clearly winning.} hxg3 30. fxg3 Na4 31. Rxd6 Qe7 32. Rc6 Bd7 33. Rc7 Qd6 34. Qf4 Rb6 35. Kg2 Kf8 36. e4 Ke7 37. Ra7 {[#] Intending e5 and mate.} f6 38. Rh1 {Precision: White = 75%, Black = 22%.} (38. Qh4 $142 Kd8 39. Bg4) 1-0

[Event "2018 Spring Chess Classic A"]
[Site "Saint Louis"]
[Date "2018.03.14"]
[Round "9"]
[White "Zherebukh, Yaroslav"]
[Black "Swiercz, Dariusz"]
[Result "0-1"]
[WhiteElo "2633"]
[BlackElo "2654"]
[Annotator "TA"]
[PlyCount "112"]
[EventDate "2018.??.??"]
[EventType "tourn"]
[EventCountry "USA"]
[SourceTitle "playchess.com"]
[Source "ChessBase"]
[SourceQuality "1"]

{[%evp 20,112,4,13,25,26,27,0,0,0,0,-8,-8,-9,-23,-8,0,0,0,0,0,0,0,-21,0,-23,0,-32,-13,-50,-40,-64,-56,-139,-125,-137,-106,-162,-204,-209,-209,-185,-197,-217,-220,-286,-281,-325,-325,-351,-336,-352,-352,-297,-222,-388,-189,-252,-222,-325,-183,-183,-183,-183,-183,-229,-231,-247,-247,-283,-260,-208,0,-258,-262,-284,-240,-406,-405,-395,-357,-321,-289,-289,-287,-394,-373,-411,-329,-414,-405,-364,-421,-607,-600]} 1. e4 e5 2. Nf3 Nc6 3. Bb5 Nf6 4. O-O Nxe4 5. d4 Nd6 6. Bxc6 dxc6 7. dxe5 Nf5 8. Qxd8+ Kxd8 9. b3 Ke8 {C67: Ruy Lopez: Berlin Defence: 4 0-0 Nxe4} (9... Ne7 10. c4 Ng6 11. h3 Bd7 12. Nc3 Ke8 13. Ne2 Rd8 14. Rd1 Be7 15. Be3 a6 16. Kh2 h5 17. g3 {1-0 (52) So,W (2762)-Zhou,J (2587) Las Vegas 2014}) 10. Bb2 Be7 11. Nc3 {LiveBook: 8 Games} Nh4 {The position is equal.} 12. Nd4 Nf5 $146 ({Predecessor:} 12... Bg4 13. f3 Bd7 14. Ne4 c5 15. Ne2 Nf5 16. c4 Bc6 17. Kf2 Rd8 18. Rad1 b6 19. Rfe1 Bxe4 20. fxe4 Nh4 21. Ng3 Rg8 22. Nf5 Ng6 23. Rxd8+ Kxd8 24. Rd1+ Kc8 {½-½ (24) Ciklabakkal,M (2004)-Vodicka,M (2247) ICCF email 2013}) 13. Nce2 Nxd4 14. Nxd4 c5 15. Nb5 Kd7 16. f4 Kc6 17. c4 a6 18. Nc3 g6 19. Nd5 Re8 20. Rad1 Be6 21. Rd2 h5 22. Rfd1 Bf8 23. Nf6 Reb8 24. Bc3 b5 25. Nd5 $1 a5 {[%cal Ba6a5,Ba5a4,Ba4a3][%mdl 32]} 26. Nf6 (26. a4 $15) 26... bxc4 $17 27. bxc4 a4 28. h3 (28. Nd5 $17) 28... a3 $19 29. Nd7 Rd8 30. Nxf8 Rxf8 31. Rc2 Ra4 (31... Bxc4 32. Be1 $15) 32. Bd2 Rd8 (32... Rxc4 33. Rdc1 $17) 33. Kf2 Rxc4 34. Rxc4 Bxc4 {[%mdl 4096] Endgame KRB-KRB} 35. Ke1 Rd3 ({Less strong is} 35... Bxa2 36. Ra1 $19) 36. Rc1 Bd5 37. Bb4 $2 {[#]} (37. Ke2 {was necessary.} Rg3 38. Be3 Rxg2+ 39. Bf2) 37... c4 (37... Kb5 $142 38. Ke2 Bc4) 38. Kf2 (38. Rc3 $142) 38... h4 39. Kf1 (39. Rc3 {was called for.}) 39... Rd4 (39... Kb5 $142 40. Be1 c3) 40. Bxa3 Rd2 41. Be7 Rxa2 42. Bxh4 Bxg2+ 43. Kg1 Kd5 ({Much less strong is} 43... Bxh3 44. Rxc4+ Kd7 45. Rd4+ Kc8 46. Bf2 $17) 44. Rd1+ Ke4 45. Rc1 Kd5 ({Not} 45... Bxh3 46. Rxc4+ Kd3 47. Rxc7 $15) 46. Rd1+ Ke6 47. Be1 Bxh3 48. Rd4 $2 {[#]} (48. Rd2 Ra1 49. Kf2) 48... Rg2+ 49. Kh1 Re2 50. Ba5 Bg2+ 51. Kg1 Bd5 52. Kf1 Rh2 53. Ke1 c6 54. Rd2 Rh4 55. Rf2 Kf5 56. Bd2 (56. Kd1 $142) 56... Rh3 {Precision: White = 40%, Black = 71%.} 0-1